000 00262nam a22001097a 4500
008 170119b xxu||||| |||| 00| 0 eng d
020 _a9780323089319
041 _aeng
080 _26TH
_a618.2
245 _aCALCULATE WITH CONFIDENCE
_cMORRIS, D.E
942 _2udc
_cBK
999 _c3170
_d3170